Algal cultures and phytoplankton ecology

Uloženo v:
Podrobná bibliografie
Hlavní autor: Fogg, G. E (Autor)
Médium: Kniha
Jazyk:angličtina
Vydáno: Madison The University of Wisconsin Press 1965
Témata:
Tagy: Přidat tag
Žádné tagy, Buďte první, kdo vytvoří štítek k tomuto záznamu!

MARC

LEADER 00000nam a2200000 a 4500
001 UCY2192
003 CL-VaPUC
008 941017e19650000US |||||||||||||||||eng|d
082 0 4 |a 589.35  |b FOG  |2 21 
100 0 |a Fogg, G. E  |e author  |9 330244 
245 1 0 |a Algal cultures and phytoplankton ecology 
300 |a 126 p 
942 |c BK 
945 |d 19941017 00:00:00  |a mfernand 
260 |a Madison  |b The University of Wisconsin Press  |c 1965 
650 0 |a Algas (algae)  |9 261246 
650 0 |a Ecología   |9 258124 
650 0 |a Fitoplancton   |9 261810 
583 |a last modification  |c 20180606 10:57:02  |k Rodrigo Vera 
999 |c 230668  |d 230666 
952 |0 0  |1 0  |2 ddc  |4 0  |6 589_350000000000000_FOG_1965  |7 0  |8 CCM  |9 233095  |a BIBCUR  |b BIBCUR  |c PAC  |d 2019-11-15  |i 3026892  |o 589.35 FOG 1965  |p 3026892  |r 2025-04-22  |w 2019-11-15  |y BK  |k CIM